000 00702nam a2200193Ia 4500
003 GCL
008 140319s9999 xx 000 0 ara d
040 _aGCL /
_cGCL
082 0 4 _a721
_bن م
100 1 _aنبيل حسن
245 1 0 _aالمنظور الهندسى والظل :
_bالكمبيوتر والمنظور والبرمجة /
_cنبيل حسن
260 _aبيروت :
_bدار الراتب الجامعية ،
_c1993
300 _a499 ص:
_bايض ؛
_c21?29 سم
490 _aالموسوعة المعمارية
_v1
650 0 4 _aالحاسبات الالكترونية
650 0 4 _aالمنظور الهندسى
650 0 4 _aالرسومات الهندسية
942 _2ddc
_cBK
999 _c54467
_d54467